000 00773cam a2200217 4500
001 WB3641-22
008 000000n2000 000 0 eng u
035 _a(Sirsi) u108839
245 _aHaggle with an e-state agent
260 _c2000
490 _aFinancial Times
_v18 October 2000, 20 (1)
520 _aThe Hagglepages website at http://www.hagglepages.com aims to cut the commission paid to estate agents' by vendors by inviting estate agents to bid for the business based on details of the property provided by the vendor.
590 _aWB
650 _aFEE BIDDING
650 _aESTATE AGENTS
650 _aDOMESTIC PROPERTY
650 _aINTERNET
650 _aE-COMMERCE
690 _aMANAGEMENT-BUSINESS MANAGEMENT-PROFESSIONAL PRACTICE
942 _n0
999 _c64981
_d64981